Public Budgeting Systems
Guardado en:
| Autor principal: | |
|---|---|
| Otros Autores: | , |
| Formato: | Libro |
| Lenguaje: | inglés |
| Publicado: |
Burlington
Jones & Bartlett Learning
2021
|
| Edición: | 10th Edition |
| Materias: | |
| Etiquetas: |
Sin Etiquetas, Sea el primero en etiquetar este registro!
|
MARC
| LEADER | 00000nam a2200000 4500 | ||
|---|---|---|---|
| 001 | 0272731 | ||
| 005 | 20231016102012.5 | ||
| 020 | |a 978-1-284-19898-0 | ||
| 041 | 0 | |a eng | |
| 044 | |a US | ||
| 245 | 1 | 0 | |a Public Budgeting Systems |c Robert D. Lee, Ronald W. Johnson, Phillip G. Joyce |
| 250 | |a 10th Edition | ||
| 264 | 1 | |a Burlington |b Jones & Bartlett Learning |c 2021 | |
| 300 | |a 560 s. | ||
| 610 | 2 | 0 | |a sektor verejný |
| 610 | 2 | 0 | |a rozpočty |
| 610 | 2 | 0 | |a plánovanie |
| 610 | 2 | 0 | |a rozpočtovanie |
| 610 | 2 | 0 | |a výnosy |
| 610 | 2 | 0 | |a dane |
| 610 | 2 | 0 | |a aktíva finančné |
| 610 | 2 | 0 | |a kapitál |
| 610 | 2 | 0 | |a dlhy |
| 610 | 2 | 0 | |a pandémia |
| 610 | 2 | 0 | |a USA |
| 100 | 1 | |a Lee, Robert D. | |
| 700 | 1 | |a Johnson, Ronald W. | |
| 700 | 1 | |a Joyce, Phillip G. | |